[Event "San Bernardino"]
[Site "San Bernardino"]
[Date "1988.??.??"]
[Round "6"]
[White "Georgiev, Kiril D"]
[Black "Campora, Daniel H"]
[Result "1-0"]
[WhiteElo "2595"]
[BlackElo "2540"]
[PlyCount "55"]
[EventDate "1988.??.??"]
[Source "www.chesslib.no"]
[SourceDate "2004.05.04"]

1. d4 d5 2. c4 c6 3. Nc3 Nf6 4. Nf3 g6 5. cxd5 cxd5 6. Bf4 Bg7 7. e3 O-O 8. h3 Nc6 9. Be2 Ne4 10. Rc1 Be6 11. O-O Nxc3 12. Rxc3 a6 13. Qb3 Qd7 14. Qb6 f6 15. Rb3 Ra7 16. Rc1 Rc8 17. Ne1 g5 18. Bh2 Bf5 19. Nd3 Bxd3 20. Bxd3 e6 21. Rbc3 Bf8 22. Bc2 a5 23. Ba4 Ra6 24. Bxc6 Rxc6 25. Rxc6 Rxb6 26. Rxb6 Qa4 27. Rxb7 Qxa2 28. Bg3 1-0

[Event "AUT-chT2W 9697"]
[Site "Austria"]
[Date "1997.??.??"]
[Round "7"]
[White "Stangl, Markus"]
[Black "Hertneck, Gerald"]
[Result "1/2-1/2"]
[WhiteElo "2540"]
[BlackElo "2565"]
[PlyCount "25"]
[EventDate "1996.??.??"]
[Source "www.chesslib.no"]
[SourceDate "2004.05.04"]

1. Nf3 d5 2. d4 Nf6 3. c4 c6 4. Nc3 g6 5. cxd5 cxd5 6. Bf4 Nc6 7. e3 Bg7 8. h3 O-O 9. Bd3 Bf5 10. Bxf5 gxf5 11. O-O e6 12. Qe2 Qe7 13. Ne5 1/2-1/2

[Event "Quebec int"]
[Site "Montreal CAN"]
[Date "1986.??.??"]
[Round "1"]
[White "Spraggett, Kevin B"]
[Black "Lein, Anatoly Y"]
[Result "1-0"]
[WhiteElo "2535"]
[BlackElo "2535"]
[PlyCount "75"]
[EventDate "1986.??.??"]
[Source "www.chesslib.no"]
[SourceDate "2004.05.04"]

1. d4 d5 2. c4 c6 3. Nc3 Nf6 4. Nf3 g6 5. cxd5 cxd5 6. Bf4 Bg7 7. e3 O-O 8. h3 Ne4 9. Rc1 Nc6 10. Be2 Bf5 11. Qb3 Nxc3 12. Rxc3 Qd7 13. O-O a6 14. Rfc1 h6 15. Bg3 g5 16. Qb6 Rfc8 17. Rb3 Ra7 18. Ne5 Bxe5 19. Bxe5 f6 20. Bg3 Kg7 21. Rbc3 Qd8 22. Qb3 Qd7 23. Rc5 e6 24. Qb6 Bg6 25. b4 Qd8 26. Bc7 Rxc7 27. Qxa7 Re7 28. Rxc6 bxc6 29. Qxa6 Be8 30. Qa5 Qb8 31. Qc5 Ra7 32. Rc2 Qa8 33. a4 Rxa4 34. b5 Ra1+ 35. Kh2 Qb8+ 36. g3 Qc7 37. bxc6 h5 38. Kg2 1-0

[Event "Sevilla op"]
[Site "Sevilla"]
[Date "1992.??.??"]
[Round "7"]
[White "Komljenovic, Davor"]
[Black "Campora, Daniel Hugo"]
[Result "0-1"]
[WhiteElo "2495"]
[BlackElo "2550"]
[PlyCount "168"]
[EventDate "1992.01.??"]
[Source "ChessBase"]

1. d4 d5 2. c4 c6 3. Nf3 Nf6 4. Nc3 g6 5. cxd5 cxd5 6. Bg5 Bg7 7. Qb3 e6 8. e3 O-O 9. Bd3 Nc6 10. O-O h6 11. Bh4 g5 12. Bg3 Nh5 13. Rac1 Nxg3 14. hxg3 g4 15. Nd2 h5 16. Ne2 Bh6 17. Rfd1 f5 18. Qc3 a6 19. Nb3 Rf7 20. Nf4 Rh7 21. Kf1 h4 22. Ke2 hxg3 23. fxg3 Bxf4 24. exf4 Qf6 25. Kf2 Bd7 26. Nc5 Be8 27. Bb1 Rc8 28. Qe3 Re7 29. a3 Bf7 30. b4 Rec7 31. Bc2 Nb8 32. Ba4 b6 33. Nd3 b5 34. Bb3 Rxc1 35. Rxc1 Rxc1 36. Nxc1 Nc6 37. Ne2 Bg6 38. Qc3 Be8 39. Qc5 Qd8 40. Ke3 Qd7 41. Bc2 Nd8 42. Qb6 Qc8 43. Bd3 Nf7 44. Kd2 Qc6 45. Qxc6 Bxc6 46. Nc1 Nd6 47. Nb3 Bb7 48. Nc5 Bc8 49. a4 Kf7 50. a5 Ke7 51. Bc2 Ne8 52. Ke3 Nf6 53. Bb3 Kd6 54. Ba2 Ne4 55. Nxe4+ dxe4 56. d5 e5 57. fxe5+ Kxe5 58. Bb3 Bb7 59. d6 Bc8 60. Bf7 Kxd6 61. Kd4 Be6 62. Be8 Bd7 63. Bf7 Bc6 64. Bg8 Be8 65. Bb3 Bc6 66. Bg8 Bb7 67. Bb3 Bc8 68. Bf7 Bd7 69. Bh5 Ke6 70. Bg6 Kf6 71. Bh5 Bc6 72. Ke3 Ke5 73. Bf7 Bd7 74. Bb3 Be6 75. Bc2 Ba2 76. Bd1 Kd5 77. Kf4 Kd4 78. Kxf5 e3 79. Kxg4 Bc4 80. Kf3 Kd3 81. g4 Bb3 82. Bxb3 e2 83. g5 e1=Q 84. g6 Qe4+ 0-1

[Event "49. TCh-ESP Honor 2"]
[Site "?"]
[Date "2005.09.01"]
[Round "2"]
[White "Comas Fabrego Lluis"]
[Black "Franco Ocampos Zenon"]
[Result "1/2-1/2"]
[WhiteElo "2513"]
[BlackElo "2526"]
[PlyCount "39"]
[EventDate "2005.??.??"]
[Source "www.chesslib.no"]
[SourceDate "2004.05.04"]

1. d4 d5 2. c4 c6 3. Nf3 Nf6 4. Nc3 g6 5. cxd5 cxd5 6. Bf4 Nc6 7. e3 Bg7 8. h3 O-O 9. Be2 Bf5 10. O-O Ne4 11. Rc1 Rc8 12. Qb3 Na5 13. Qa3 Nxc3 14. Rxc3 Rxc3 15. Qxc3 Nc6 16. b4 a6 17. a4 a5 18. b5 Nb4 19. Bc7 Qa8 20. Qc5 1/2-1/2

[Event "It (Open) Mielo POL"]
[Site "?"]
[Date "2005.06.18"]
[Round "9"]
[White "Malaniuk Vladimir P"]
[Black "Shishkin Vadim"]
[Result "1/2-1/2"]
[WhiteElo "2480"]
[BlackElo "2519"]
[PlyCount "22"]
[EventDate "2005.??.??"]
[Source "www.chesslib.no"]
[SourceDate "2004.05.04"]

1. d4 d5 2. c4 c6 3. Nf3 Nf6 4. Nc3 g6 5. cxd5 cxd5 6. Bf4 Nc6 7. e3 Bg7 8. Bd3 O-O 9. h3 a6 10. O-O e6 11. Na4 b6 1/2-1/2

[Event "Bar"]
[Site "?"]
[Date "1977.10.27"]
[Round "13"]
[White "Smejkal Jan"]
[Black "Maric Rudolf"]
[Result "1/2-1/2"]
[WhiteElo "2575"]
[BlackElo "2420"]
[PlyCount "33"]
[EventDate "1977.??.??"]
[Source "www.chesslib.no"]
[SourceDate "2004.05.04"]

1. c4 c6 2. Nf3 d5 3. d4 Nf6 4. Nc3 g6 5. cxd5 cxd5 6. Bf4 Nc6 7. e3 Bg7 8. h3 O-O 9. Bd3 b6 10. O-O Bb7 11. Qa4 Qd7 12. Rfc1 Rfc8 13. b4 a6 14. Qb3 e6 15. Qb2 Qd8 16. b5 Na5 17. bxa6 1/2-1/2

[Event "Novaya Ladoga"]
[Site "?"]
[Date "2002.??.??"]
[Round "5"]
[White "Popov Valerij"]
[Black "Anjuhin Alex"]
[Result "1-0"]
[WhiteElo "2593"]
[BlackElo "2401"]
[PlyCount "107"]
[EventDate "2002.??.??"]
[Source "www.chesslib.no"]
[SourceDate "2004.05.04"]

1. Nf3 d5 2. d4 Nf6 3. c4 c6 4. Nc3 g6 5. cxd5 cxd5 6. Bf4 Bg7 7. e3 Nc6 8. h3 O-O 9. Bd3 Qb6 10. a3 Ne4 11. Nxe4 dxe4 12. Bxe4 Qxb2 13. O-O Be6 14. Qc1 Qxc1 15. Rfxc1 Rac8 16. Rab1 Nd8 17. Rxc8 Bxc8 18. Bb8 a6 19. Rb6 Re8 20. Bc7 Ne6 21. Be5 Nd8 22. a4 f6 23. Bc7 f5 24. Bd3 Bf6 25. Bc4+ e6 26. Kf1 Kg7 27. Ke1 g5 28. Kd2 Kg6 29. g4 Nc6 30. gxf5+ exf5 31. Ne5+ Bxe5 32. Bxe5 Be6 33. Bxe6 Rxe6 34. d5 Rxe5 35. dxc6 bxc6 36. Rxc6+ Kh5 37. Rxa6 g4 38. hxg4+ fxg4 39. Ke2 Kg5 40. Ra8 h5 41. a5 h4 42. a6 Re7 43. a7 Rg7 44. f4+ gxf3+ 45. Kxf3 Rf7+ 46. Kg2 Kf6 47. Kh3 Kf5 48. Kxh4 Kf6 49. Kg4 Rg7+ 50. Kf4 Rf7 51. e4 Ke6+ 52. Ke3 Re7 53. Kd4 Rd7+ 54. Kc5 1-0

[Event "Zinnowitz 8th"]
[Site "Zinnowitz GER"]
[Date "1971.09.28"]
[Round "12"]
[White "Osnos, Viatcheslav V"]
[Black "Malich, Burkhard"]
[Result "1-0"]
[WhiteElo "2540"]
[BlackElo "2450"]
[PlyCount "75"]
[EventDate "1971.09.15"]
[Source "www.chesslib.no"]
[SourceDate "2004.05.04"]

1. c4 Nf6 2. Nc3 c6 3. d4 d5 4. Nf3 g6 5. cxd5 cxd5 6. Bf4 Bg7 7. e3 O-O 8. h3 Nc6 9. Bd3 b6 10. O-O Bb7 11. Qa4 a6 12. Rac1 e6 13. Qd1 Nd7 14. Ne2 Qe7 15. Bg5 Bf6 16. Bxf6 Qxf6 17. e4 dxe4 18. Bxe4 Rac8 19. Ng3 Rfd8 20. Qa4 b5 21. Qa3 b4 22. Qe3 Nb6 23. Ne5 Nd5 24. Bxd5 Rxd5 25. Ne4 Qg7 26. Qf4 f5 27. Nxc6 Bxc6 28. Nd6 Qc7 29. Rxc6 Qxc6 30. Nxc8 Qxc8 31. Rc1 Qd8 32. Rc4 a5 33. h4 Qf6 34. Rc8+ Rd8 35. Qe5 Qxh4 36. Qxe6+ Kh8 37. Qe5+ Kg8 38. Qd5+ 1-0

[Event "Sarajevo"]
[Site "Sarajevo BIH"]
[Date "1971.??.??"]
[Round "5"]
[White "Lengyel, Levente"]
[Black "Damjanovic, Mato"]
[Result "1/2-1/2"]
[WhiteElo "2490"]
[BlackElo "2500"]
[PlyCount "32"]
[EventDate "1971.??.??"]
[Source "www.chesslib.no"]
[SourceDate "2004.05.04"]

1. Nf3 d5 2. d4 Nf6 3. c4 c6 4. Nc3 g6 5. cxd5 cxd5 6. Bf4 Bg7 7. e3 O-O 8. Be2 Nc6 9. h3 b6 10. O-O Bb7 11. Nd2 e6 12. Rc1 Qe7 13. a3 Rfc8 14. b4 Ne8 15. Re1 Qd8 16. Bh2 Nd6 1/2-1/2

[Event "otb"]
[Site "otb"]
[Date "2007.03.08"]
[Round "8"]
[White "Teske Henrik"]
[Black "Stangl Markus"]
[Result "1-0"]
[WhiteElo "2524"]
[BlackElo "2465"]
[PlyCount "55"]
[Source "www.chesslib.no"]
[SourceDate "2004.05.04"]

1. d4 d5 2. Nf3 c6 3. c4 Nf6 4. Nc3 g6 5. cxd5 cxd5 6. Bf4 Nc6 7. e3 Nh5 8. Be5 f6 9. Bg3 Nxg3 10. hxg3 Bg7 11. Qc2 f5 12. Bb5 Qd6 13. O-O Bd7 14. Rfc1 e6 15. Na4 O-O 16. Nc5 Bc8 17. Qa4 Ne7 18. Rc3 h6 19. Rac1 Rd8 20. Nd3 a6 21. Nde5 Rb8 22. Be8 b5 23. Bf7+ Kh7 24. Qa5 Bf6 25. Rc7 Bd7 26. Bxg6+ Nxg6 27. Nxd7 Rxd7 28. Rxd7+ 1-0

[Event "HUN-ch"]
[Site "Budapest"]
[Date "1971.??.??"]
[Round "4"]
[White "Forintos, Gyozo V"]
[Black "Bilek, Istvan"]
[Result "1/2-1/2"]
[WhiteElo "2485"]
[BlackElo "2490"]
[PlyCount "24"]
[EventDate "1971.??.??"]
[Source "ChessBase"]

1. d4 d5 2. c4 c6 3. Nf3 Nf6 4. Nc3 g6 5. cxd5 cxd5 6. Bf4 Nc6 7. e3 Bg7 8. Be2 O-O 9. O-O b6 10. Ne5 Bb7 11. Nxc6 Bxc6 12. Be5 Ne4 1/2-1/2

[Event "Moscow RUS"]
[Site "?"]
[Date "1996.??.??"]
[Round "?"]
[White "Filippov Valerij"]
[Black "Rakhmangulov Andrei"]
[Result "1-0"]
[WhiteElo "2530"]
[BlackElo "2445"]
[PlyCount "51"]
[EventDate "1996.??.??"]
[Source "www.chesslib.no"]
[SourceDate "2004.05.04"]

1. Nf3 d5 2. d4 Nf6 3. c4 c6 4. Nc3 g6 5. cxd5 Nxd5 6. e4 Nc7 7. Be2 Bg7 8. h3 O-O 9. O-O Nd7 10. Be3 e5 11. d5 Nb6 12. dxc6 bxc6 13. a4 Ne6 14. a5 Nd7 15. Qd6 Nb8 16. Qb4 Ba6 17. Bxa6 Nxa6 18. Qc4 Qc8 19. Rfd1 Qb7 20. Rd6 Rac8 21. Rad1 Rc7 22. Rxe6 fxe6 23. Ng5 Rcc8 24. Qxe6+ Kh8 25. Rd7 Rc7 26. Nf7+ 1-0

[Event "Kiev Trudova Ukraina"]
[Site "Kiev"]
[Date "2001.01.23"]
[Round "5"]
[White "Zontakh, Andrey"]
[Black "Eschenko, Vadim"]
[Result "1-0"]
[WhiteElo "2529"]
[BlackElo "2443"]
[PlyCount "131"]
[EventDate "2001.01.19"]
[Source "ChessBase"]
[SourceDate "2001.05.17"]

1. d4 d5 2. c4 c6 3. Nc3 Nf6 4. Nf3 g6 5. Bg5 Ne4 6. Bh4 Nxc3 7. bxc3 dxc4 8. e3 b5 9. a4 a6 10. Be2 Bg7 11. O-O O-O 12. Qb1 Ra7 13. Bxc4 bxc4 14. Qxb8 Rb7 15. Qf4 f6 16. Bg3 Be6 17. e4 Qa5 18. Qe3 Rd8 19. h4 Rdd7 20. e5 Qd5 21. Rfe1 Kf7 22. Ra2 f5 23. h5 Rd8 24. hxg6+ hxg6 25. Ng5+ Ke8 26. Nh3 Qe4 27. Qc1 Qg4 28. Kh2 Kd7 29. Rb2 Rdb8 30. Rxb7+ Rxb7 31. f3 Qh5 32. Kg1 Bh6 33. Bf4 g5 34. Bxg5 Bxg5 35. Nxg5 Qh4 36. Rd1 Bd5 37. Rf1 Rb8 38. e6+ Kc7 39. Qe3 Qg3 40. Nh3 Qd6 41. Nf4 Rb3 42. Re1 Kb6 43. Qd2 Ka5 44. Re5 Kxa4 45. Qc2 a5 46. Rxf5 Kb5 47. Qe4 Ka6 48. Nxd5 cxd5 49. Rxd5 Rb1+ 50. Kf2 Rb2+ 51. Ke3 Qg3 52. Rc5 Qe1+ 53. Kf4 Qh4+ 54. g4 Qh6+ 55. Rg5 Qh2+ 56. Kf5 Rb5+ 57. d5 Qd2 58. Kg6 Qxc3 59. Rf5 Rb8 60. Kf7 Qb4 61. d6 exd6 62. e7 c3 63. Qc6+ Ka7 64. e8=Q Qb3+ 65. Kg7 Rb7+ 66. Rf7 1-0

[Event "Budapest FS06 GM"]
[Site "Budapest"]
[Date "1995.??.??"]
[Round "3"]
[White "Horvath, Jozsef"]
[Black "Csom, Istvan"]
[Result "1-0"]
[WhiteElo "2515"]
[BlackElo "2455"]
[PlyCount "61"]
[EventDate "1995.06.??"]
[Source "ChessBase"]

1. d4 Nf6 2. c4 c6 3. Nc3 d5 4. Nf3 g6 5. cxd5 Nxd5 6. e4 Nb6 7. h3 Bg7 8. Be3 Be6 9. Ng5 Bc8 10. Qb3 O-O 11. Rd1 Na6 12. Be2 h6 13. Nf3 Be6 14. d5 cxd5 15. exd5 Bd7 16. O-O Qb8 17. Nd4 Nc8 18. Ne4 Bf5 19. Nxf5 gxf5 20. Nc3 Nd6 21. Qa4 Qd8 22. Bxa6 bxa6 23. Qxa6 Qc8 24. Qe2 Qc4 25. Rfe1 Rfc8 26. Qh5 Kh7 27. Bc1 Rc7 28. Re3 Qa6 29. Rde1 Qb7 30. Rg3 Rg8 31. Re6 1-0

[Event "DSV-Turnier"]
[Site "Dresden"]
[Date "1988.??.??"]
[Round "?"]
[White "Dautov, Rustem"]
[Black "Lanc, Alois"]
[Result "1-0"]
[WhiteElo "2525"]
[BlackElo "2435"]
[PlyCount "49"]
[EventDate "1988.08.??"]
[Source "ChessBase"]

1. d4 Nf6 2. c4 c6 3. Nc3 d5 4. Nf3 g6 5. Bg5 dxc4 6. a4 Qa5 7. Bd2 Bg7 8. e4 Qd8 9. Bxc4 O-O 10. h3 a5 11. Qb3 Ne8 12. e5 e6 13. h4 Nd7 14. Bg5 Qc7 15. h5 c5 16. hxg6 hxg6 17. Nb5 Qb8 18. O-O-O Ra6 19. Nd2 cxd4 20. Qh3 f5 21. f4 Kf7 22. Qa3 Rc6 23. Nxd4 Qc7 24. Qe7+ Kg8 25. Nxc6 1-0

[Event "Kiev Trudova Ukraina"]
[Site "Kiev"]
[Date "2001.01.25"]
[Round "7"]
[White "Malakhatko, Vadim"]
[Black "Eschenko, Vadim"]
[Result "1/2-1/2"]
[WhiteElo "2513"]
[BlackElo "2443"]
[PlyCount "109"]
[EventDate "2001.01.19"]
[Source "ChessBase"]
[SourceDate "2001.05.17"]

1. d4 d5 2. c4 c6 3. Nf3 Nf6 4. Nc3 g6 5. cxd5 cxd5 6. Bf4 Bg7 7. e3 O-O 8. h3 Ne4 9. Rc1 Be6 10. Nd2 Nxc3 11. Rxc3 Nc6 12. Be2 Rc8 13. O-O Na5 14. Rxc8 Qxc8 15. Qa4 b6 16. b4 Qc3 17. Nb1 Qb2 18. Bg4 Bxg4 19. hxg4 Nc4 20. Qxa7 e6 21. a3 h6 22. g5 h5 23. Bc7 f6 24. gxf6 Rxf6 25. Bf4 g5 26. Bxg5 Rg6 27. Qb8+ Kh7 28. Qf4 Qc2 29. a4 Kg8 30. a5 bxa5 31. bxa5 e5 32. dxe5 Bxe5 33. Qh4 Qf5 34. Bf4 Bf6 35. Qh2 Nxa5 36. Nd2 h4 37. Rc1 Nc4 38. e4 Qd7 39. exd5 h3 40. g3 Nxd2 41. Bxd2 Bd4 42. Be1 Qg4 43. Kf1 Qf5 44. Rd1 Bb6 45. Rd2 Ba5 46. Re2 Bxe1 47. Rxe1 Qd3+ 48. Kg1 Qc3 49. Rb1 Rb6 50. Rf1 Rh6 51. g4 Qf3 52. Rc1 Qxg4+ 53. Qg3 Qxg3+ 54. fxg3 h2+ 55. Kh1 1/2-1/2

[Event "Balatonbereny"]
[Site "Balatonbereny"]
[Date "1995.??.??"]
[Round "10"]
[White "Landa, Konstantin"]
[Black "Schlindwein, Rolf"]
[Result "1/2-1/2"]
[WhiteElo "2515"]
[BlackElo "2440"]
[PlyCount "130"]
[EventDate "1995.08.??"]
[Source "ChessBase"]

1. d4 d5 2. c4 c6 3. Nf3 Nf6 4. Nc3 g6 5. cxd5 cxd5 6. Bf4 a6 7. e3 Bg7 8. Bd3 O-O 9. O-O Nc6 10. h3 Bf5 11. Bxf5 gxf5 12. Ne5 Rc8 13. Rc1 e6 14. Na4 Nxe5 15. Bxe5 Ne4 16. f3 Nd6 17. Rxc8 Nxc8 18. Qd2 Bxe5 19. dxe5 Nb6 20. Nc5 Qe7 21. Qd4 Rc8 22. Nd3 Nd7 23. b3 f6 24. exf6 Qxf6 25. Rc1 Rxc1+ 26. Nxc1 Qf8 27. Nd3 Qd6 28. Qh4 Nf8 29. Qg5+ Kf7 30. h4 d4 31. e4 fxe4 32. fxe4 Ke8 33. Qg7 Qe7 34. Qg3 Nd7 35. Qg8+ Nf8 36. Qg3 Nd7 37. h5 Qf7 38. h6 Qh5 39. e5 Qxh6 40. Qf3 b5 41. Qe4 Qe3+ 42. Qxe3 dxe3 43. Kf1 Kf7 44. Ke2 Kg6 45. Nb4 Nb8 46. Kxe3 Kf5 47. Kd4 h5 48. a4 bxa4 49. bxa4 a5 50. Nd3 Nd7 51. Nc1 Nxe5 52. Nb3 Nd7 53. Nxa5 Nb6 54. Nc6 Nxa4 55. Ne7+ Kf6 56. Nc6 Nb6 57. Ke4 Nd5 58. Nd4 Ne7 59. Ne2 Ng6 60. Nd4 Nf8 61. Nf3 Ng6 62. Nd4 Nh4 63. Nxe6 Nxg2 64. Nf4 h4 65. Nxg2 h3 1/2-1/2

[Event "Ptuj"]
[Site "Ptuj CRO"]
[Date "1989.??.??"]
[Round "9"]
[White "Schneider, Bernd"]
[Black "Simic, Radoslav"]
[Result "1/2-1/2"]
[WhiteElo "2470"]
[BlackElo "2485"]
[PlyCount "22"]
[EventDate "1989.04.??"]
[Source "www.chesslib.no"]
[SourceDate "2004.05.04"]

1. d4 d5 2. c4 c6 3. Nc3 Nf6 4. Nf3 g6 5. cxd5 cxd5 6. Bf4 Bg7 7. e3 O-O 8. Be2 Nc6 9. b3 b6 10. O-O Bb7 11. Rc1 e6 1/2-1/2

[Event "Hannover"]
[Site "Hannover"]
[Date "1983.??.??"]
[Round "6"]
[White "Torre, Eugenio"]
[Black "Bastian, Herbert"]
[Result "1/2-1/2"]
[WhiteElo "2570"]
[BlackElo "2375"]
[PlyCount "75"]
[EventDate "1983.08.??"]
[Source "ChessBase"]

1. d4 Nf6 2. c4 c6 3. Nf3 g6 4. Nc3 d5 5. cxd5 cxd5 6. Bf4 a6 7. e3 Bg7 8. Be2 O-O 9. O-O Nc6 10. Ne5 Nxe5 11. Bxe5 Ne4 12. Rc1 Nxc3 13. Rxc3 Bd7 14. Bxg7 Kxg7 15. Qb3 Bc6 16. Rfc1 Qd7 17. Qb6 Rfc8 18. h3 e6 19. a4 Qd8 20. Qb4 Qf8 21. Rc5 Rcb8 22. Qa3 Qe8 23. Bd1 Rc8 24. Qb4 Rab8 25. b3 Qd7 26. Qc3 Kg8 27. Be2 Ra8 28. b4 Qd6 29. a5 Bd7 30. Qa3 Kg7 31. Bd1 b6 32. axb6 Qxb6 33. Ba4 Rd8 34. Bxd7 Rxd7 35. Rc6 Qb8 36. Rxa6 Rxa6 37. Qxa6 Qxb4 38. Qc6 1/2-1/2

[Event "Open"]
[Site "?"]
[Date "2005.07.04"]
[Round "3"]
[White "Feoktistov Alexey A"]
[Black "Belikov Vladimir"]
[Result "0-1"]
[WhiteElo "2424"]
[BlackElo "2519"]
[PlyCount "65"]
[EventDate "2005.??.??"]
[Source "www.chesslib.no"]
[SourceDate "2004.05.04"]

1. d4 d5 2. c4 c6 3. Nc3 Nf6 4. Nf3 g6 5. Ne5 Bg7 6. g3 dxc4 7. Nxc4 Be6 8. Ne3 Nbd7 9. Bg2 Nb6 10. O-O O-O 11. h3 Qc8 12. Kh2 Rd8 13. Nc2 c5 14. e3 Bc4 15. Re1 e5 16. b3 cxd4 17. exd4 exd4 18. Nxd4 Bf1 19. Nce2 Bxe2 20. Rxe2 Nfd5 21. Rc2 Nc3 22. Qe1 Bxd4 23. Bb2 Re8 24. Qc1 Re2 25. Rxc3 Bxc3 26. Bxc3 Rxf2 27. Qe3 Rc2 28. Bd4 Qc6 29. Rg1 Re8 30. Qh6 f6 31. Be3 Qc3 32. Bxb6 axb6 33. Kh1 0-1

[Event "Extraliga 2004"]
[Site "Dzwirzyno"]
[Date "2004.??.??"]
[Round "?"]
[White "Krasenkow, Michal"]
[Black "Cichocki, Adam"]
[Result "1-0"]
[WhiteElo "2609"]
[BlackElo "2332"]
[PlyCount "93"]
[EventDate "2004.09.04"]
[Source "Roberto Alvarez"]
[SourceDate "2004.10.05"]

1. Nf3 d5 2. d4 Nf6 3. c4 c6 4. Nc3 g6 5. Bg5 Ne4 6. Bf4 Bg7 7. e3 O-O 8. Qb3 Qa5 9. cxd5 Nxc3 10. bxc3 cxd5 11. Bd3 b6 12. O-O Ba6 13. Bxa6 Nxa6 14. Rfc1 Rac8 15. c4 dxc4 16. Rxc4 b5 17. Rc2 Nc5 18. Qb1 Na4 19. Rxc8 Rxc8 20. Qe4 Nc3 21. Qb7 Ne2+ 22. Kf1 Qc3 23. Re1 Nxf4 24. exf4 Bf6 25. Qxa7 Qd3+ 26. Kg1 Rc2 27. h4 Rb2 28. Qa8+ Kg7 29. Qd5 Qc2 30. Rf1 e6 31. Qb7 Qc4 32. a3 Bxd4 33. Ng5 e5 34. h5 h6 35. Ne4 exf4 36. hxg6 Kxg6 37. Qb8 Qe6 38. Qxf4 Be5 39. Qh4 Qf5 40. f4 Bd4+ 41. Kh2 Kh7 42. Ng3 Qd5 43. Qh3 Rb3 44. Qg4 Rxa3 45. Nf5 Bb2 46. Rd1 Rd3 47. Ne7 1-0

[Event "Lippstadt"]
[Site "Lippstadt"]
[Date "1996.??.??"]
[Round "5"]
[White "Kallai, Gabor"]
[Black "Schlindwein, Rolf"]
[Result "1-0"]
[WhiteElo "2500"]
[BlackElo "2440"]
[PlyCount "93"]
[EventDate "1996.07.01"]
[Source "www.chesslib.no"]
[SourceDate "2004.05.04"]

1. d4 Nf6 2. Nf3 d5 3. c4 c6 4. Nc3 g6 5. cxd5 cxd5 6. Bf4 a6 7. e3 Bg7 8. h3 O-O 9. Bd3 Nc6 10. Rc1 Qb6 11. Qe2 Bd7 12. a3 Rfc8 13. b4 Na7 14. O-O e6 15. Ne5 Be8 16. Qb2 Bf8 17. Rc2 Bb5 18. Rfc1 Bxd3 19. Nxd3 Bd6 20. Na4 Qd8 21. Bg5 Rxc2 22. Rxc2 Be7 23. Nac5 Rb8 24. Ne5 Ne8 25. Bf4 Nd6 26. a4 Rc8 27. Qb3 Rc7 28. e4 b6 29. exd5 bxc5 30. dxc5 Nf5 31. d6 Nxd6 32. cxd6 Bxd6 33. Rd2 Rc1+ 34. Kh2 Qf6 35. Qg3 Rc3 36. f3 Be7 37. Rd7 Nc8 38. Ng4 Qh4 39. Qxh4 Bxh4 40. Nh6+ Kf8 41. Rxf7+ Ke8 42. Rxh7 Be7 43. Ng8 Rc4 44. Nxe7 Nxe7 45. Bd6 Nf5 46. Bc5 a5 47. bxa5 1-0

[Event "Terrasa op"]
[Site "Terrasa"]
[Date "1999.??.??"]
[Round "6"]
[White "Comas Fabrego, Luis"]
[Black "Pomes Marcet, Juan"]
[Result "1-0"]
[WhiteElo "2541"]
[BlackElo "2393"]
[PlyCount "66"]
[EventDate "1999.??.??"]
[Source "www.chesslib.no"]
[SourceDate "2004.05.04"]

1. d4 d5 2. c4 c6 3. Nf3 Nf6 4. Nc3 g6 5. cxd5 cxd5 6. Bf4 Nc6 7. e3 a6 8. h3 Bg7 9. Bd3 O-O 10. Rc1 Kh8 11. Ne5 Nxe5 12. Bxe5 Bd7 13. O-O Bc6 14. b4 Ne8 15. a4 b6 16. Bxa6 Rxa6 17. b5 Bxb5 18. Nxb5 Bxe5 19. dxe5 Ng7 20. Qb3 Ne6 21. Rfd1 Nc5 22. Qxd5 Qxd5 23. Rxd5 Rxa4 24. Rb1 Rfa8 25. Rdd1 Ra2 26. Nc3 Rc2 27. Rdc1 Rxc1+ 28. Rxc1 e6 29. Nb5 Kg7 30. Nd6 Nd3 31. Rc7 Nxe5 32. f4 Rd8 33. fxe5 Kg8 1-0

[Event "It (Open) Sevilla ESP"]
[Site "?"]
[Date "2006.01.11"]
[Round "5.11"]
[White "Del Rio Angelis Salvador Gabr"]
[Black "Carrasco Martinez Juan Manuel"]
[Result "1/2-1/2"]
[WhiteElo "2497"]
[BlackElo "2431"]
[PlyCount "158"]
[EventDate "2006.??.??"]
[Source "www.chesslib.no"]
[SourceDate "2004.05.04"]

1. d4 Nf6 2. c4 c6 3. Nc3 d5 4. Nf3 g6 5. cxd5 cxd5 6. Bf4 Bg7 7. e3 O-O 8. h3 Nc6 9. Be2 b6 10. O-O Bb7 11. Rc1 Rc8 12. Qa4 a6 13. Ne5 Nxe5 14. Bxe5 Ne4 15. Bxg7 Kxg7 16. Nxe4 dxe4 17. Rc3 Qd6 18. Rfc1 a5 19. Qb5 Rfd8 20. h4 h6 21. Bd1 Qf6 22. Bb3 Rxc3 23. Rxc3 Rc8 24. h5 gxh5 25. Qxh5 Qg6 26. Qb5 Qd6 27. Qf5 Rf8 28. Bc2 e6 29. Qg4+ Kh7 30. Qh5 f5 31. Qh2 Qxh2+ 32. Kxh2 Rc8 33. Rxc8 Bxc8 34. Kg3 Kg6 35. Kf4 Kf6 36. a3 h5 37. g3 Bd7 38. Bd1 Be8 39. Be2 Bf7 40. Bb5 Bg6 41. Bd7 Bf7 42. b4 axb4 43. axb4 Bg6 44. Bc8 Be8 45. Bb7 Bf7 46. f3 exf3 47. Bxf3 Bg6 48. Bb7 Bf7 49. Kf3 Kg5 50. Bc8 Bg8 51. Bd7 Bf7 52. b5 Kf6 53. Kg2 Kg5 54. Kh3 Bg8 55. Be8 Kf6 56. Bxh5 e5 57. Kg2 Bc4 58. Be8 Bd5+ 59. Kf2 Bc4 60. Bc6 Bd3 61. Ke1 Bc4 62. Kd2 Bf1 63. Bd7 Bc4 64. Kc3 Bf7 65. Kd2 Bc4 66. Bc6 Bf7 67. d5 Ke7 68. e4 fxe4 69. Ke3 Bg6 70. g4 Kd6 71. g5 Ke7 72. d6+ Kxd6 73. Bxe4 Bf7 74. Bh7 Kc5 75. Ke4 Kxb5 76. Kxe5 Kc5 77. Kf6 Bh5 78. Bg8 b5 79. g6 Bxg6 1/2-1/2

[Event "Serbian-ch 29th"]
[Site "Sabac"]
[Date "1998.04.21"]
[Round "2"]
[White "Relange, Eloi"]
[Black "Simic, Radoslav"]
[Result "1-0"]
[WhiteElo "2490"]
[BlackElo "2435"]
[PlyCount "59"]
[EventDate "1998.04.20"]
[Source "ChessBase"]
[SourceDate "1998.08.06"]

1. d4 d5 2. c4 c6 3. Nf3 Nf6 4. Nc3 g6 5. Bf4 dxc4 6. a4 Bg7 7. e3 Nd5 8. Be5 O-O 9. Bxc4 Nxc3 10. bxc3 Bg4 11. Bxg7 Kxg7 12. a5 Nd7 13. h3 Bxf3 14. Qxf3 Qc7 15. O-O Rab8 16. Rfb1 b5 17. axb6 axb6 18. Ra6 e6 19. Rba1 Nf6 20. g4 Nd5 21. Ra7 Rb7 22. Rxb7 Qxb7 23. e4 Nf6 24. e5 Ng8 25. h4 Qe7 26. g5 c5 27. Qf6+ Qxf6 28. exf6+ Kh8 29. dxc5 bxc5 30. Ra7 1-0

[Event "Wotulo mem"]
[Site "Jakarta"]
[Date "2001.03.25"]
[Round "3"]
[White "Kosasih, Cecep"]
[Black "Juswanto, Denny"]
[Result "1/2-1/2"]
[WhiteElo "2420"]
[BlackElo "2487"]
[PlyCount "176"]
[EventDate "2001.03.23"]
[Source "ChessBase"]
[SourceDate "2001.07.05"]

1. d4 Nf6 2. c4 c6 3. Nc3 d5 4. Nf3 g6 5. cxd5 cxd5 6. Bf4 Nc6 7. e3 Bg7 8. Bd3 O-O 9. h3 Qb6 10. Qe2 Nb4 11. Bb1 Bd7 12. Ne5 Be8 13. O-O e6 14. Rc1 Nc6 15. Nd3 Na5 16. Nc5 Bc6 17. Bd3 Nh5 18. Bh2 e5 19. N3a4 Bxa4 20. Nxa4 Qb4 21. Nc3 e4 22. Bb1 Nf6 23. Be5 Rac8 24. a3 Qb6 25. Ba2 Nb3 26. Bxb3 Qxb3 27. Qc2 Qxc2 28. Rxc2 Rc6 29. Rac1 Rfc8 30. Bxf6 Bxf6 31. Kf1 Kf8 32. Ke2 Be7 33. Kd1 Rd8 34. Nb5 Rxc2 35. Rxc2 a6 36. Nc3 Ke8 37. Na4 Bd6 38. Nb6 Bb8 39. a4 Ke7 40. a5 Ke6 41. Rc3 Bd6 42. Rb3 Rb8 43. f4 exf3 44. gxf3 Bc7 45. Ke2 f5 46. Kd3 g5 47. e4 fxe4+ 48. fxe4 dxe4+ 49. Kxe4 Rf8 50. Nd5 Bxa5 51. Rxb7 Rf1 52. b4 Re1+ 53. Ne3 Bd8 54. Rxh7 Be7 55. Kf3 Bxb4 56. Rh6+ Ke7 57. Rxa6 Rh1 58. Rh6 Bd2 59. Ng4 Re1 60. Ra6 Bc3 61. Ra3 Bb2 62. Rb3 Ba1 63. Ra3 Kd6 64. Ra6+ Kd7 65. Ne5+ Kc7 66. Nd3 Rh1 67. Nf2 Re1 68. d5 Bd4 69. Rc6+ Kd7 70. Ng4 Rh1 71. Rh6 Rf1+ 72. Ke4 Rf4+ 73. Kd3 Bb2 74. Kc2 Bd4 75. Kb3 Ba1 76. Ra6 Bh8 77. Rh6 Ba1 78. Ka2 Bd4 79. Ka3 Ba1 80. Kb3 Ke7 81. Ra6 Bh8 82. Re6+ Kd7 83. Rh6 Ba1 84. Rh5 Kd6 85. Rxg5 Rf3+ 86. Ka2 Bc3 87. h4 Rd3 88. Nf2 Rxd5 1/2-1/2